1979 1954 1258 1337 1659 1729 1036 1059 1669 1399 1777 1487 1213 1280 1369 1931 1638 1505 1429 1132 1508 1394 1490 1391 1949 1695 1316 1312 1740 1782 1025 1456 1596 1560 1804 1113 1553 1855 1962 1202 1036 1637 1077 1883 1540 1926 1376 1229 1342 1998 1481 1457 1618 1077 1558 1491 1176 1948 1075 1071 1493 1181 1378 1842 1200 1867 1950 1716 1636 1147 1073 1789 1766 1504 1565 1456 1572 1928 1048 1671 1608 1930 1862 1124 1438 1691 1911 1760 1215 1516 1839 1840 1610 1362 1537 1907 1571 1703 1481 BCNSPRNW ULIB Ver.6.0+V

เปลี่ยนเป็นภาษาไทย

Change to English
 แสดงรายละเอียดบรรณานุกรม
  กลับหน้าหลัก

Brief Record : Get Marc (ISO 2709) : E-mail record : QR code < ปิดหน้าต่าง
LEADER : 00000nam 2200000uu 4500
001    13399125134
003     ULIB
008    161006s2559||||th 000 0 tha d
020    ^a9786167902913
050  4 ^aPE1645^bอ329พ
100 0  ^aอรนุช วิรัช นิยมธรรม
245 10 ^aพจนานุกรมพม่า - ไทย^cอรนุช วิรัช นิยมธรรม
260    ^aพิษณุโลก :^bหจก.โรงพิมพ์ตระกูลไทย,^c2559
300    ^a606 หน้า ;c21 ซม.
945    ^p0^l0^i001375
999    ^aวรรณษา ชูชัยมงคล
รายการนี้ยังไม่มีแท็ก
คุณยังไม่ได้ล็อกอิน คุณสามารถมีกิจกรรมร่วมกับเว็บไซต์ได้ แต่ต้องล็อกอินก่อน ::
  ล็อกอิน

รายการสื่อสารสนเทศ

ลำดับที่ ประเภท เลขเรียก/บาร์โค้ด สถานที่ สถานะ
1. วิทยาศาสตร์การแพทย์ และสุขภาพ
วิทยาศาสตร์การแพทย์ และสุขภาพ
PE1645 อ329พ ฉ.1 
  Barcode: 001375
ห้องสมุดวิทยาเขตสวรรค์ประชารักษ์
►หนังสือทั่วไป
บนชั้น

BibComment


ยังไม่เคยถูกคอมเมนท์

คอมเมนท์ทรัพยากรรายการนี้
  คอมเมนท์: พจนานุกรมพม่า ไ..


 Copyright 2026. Bcnsprnw @Library